| 000 | 00784nmm a2200253 a 4500 | ||
|---|---|---|---|
| 001 | ocm000701312 | ||
| 003 | TR-IsHL | ||
| 005 | 20201028125532.0 | ||
| 008 | 110704s1972 tu tur | ||
| 007 | cr cn | ||
| 035 |
_a701312 _b(N$T) |
||
| 050 | 0 | 4 |
_aHC521 _b.T87 1972 |
| 090 | 0 | 4 |
_aHC521 _b.T87 1972 |
| 245 | 1 | 0 |
_aTunus _h[electronic resource] |
| 250 | _a1. bs. | ||
| 260 |
_aİstanbul : _bİstanbul Ticaret Odası, _c1972 |
||
| 300 | _a16 p. | ||
| 650 | 4 | _aEkonomi ve Finans | |
| 650 | 4 | _aEconomics and Finance | |
| 650 | 0 |
_aTunus _x Ekonomik durum |
|
| 650 | 0 |
_aTunisia _x Economic conditions |
|
| 650 | 7 |
_aBUSINESS & ECONOMICS / Economic Conditions _2bisacsh |
|
| 856 | 4 | 0 | _uhttp://search.ebscohost.com/login.aspx?direct=true&scope=site&db=e011xww&AN=701312 |
| 999 |
_c3534 _d3534 |
||